Statystyki dla Triumfatorzy konkursów PŚ - sezon 15/16

Kliknij tutaj aby rozwiązać quiz!

Ogólne statystyki

  • Ten quiz został rozwiązany 50 razy
  • Średni wynik to 6 z 10

Statystyki odpowiedzi

Liczba zwycięstwZawodnik% Poprawnych
15Peter Prevc
100%
3Severin Freund
93%
1Stefan Kraft
87%
1Daniel Andre-Tande
58%
3Michael Hayboeck
51%
1Anders Fannemel
49%
1Johann Andre-Forfang
49%
1Roman Koudelka
44%
2Robert Kranjec
42%
1Kenneth Gangness
7%

Rozkład punktacji

Percentyl według liczby udzielonych odpowiedzi

Procent ludzi z każdym wynikiem

Twoja historia wyników

Nie rozwiązałeś tego quizu